Využitie autoenkóderov v číslicovom spracovaní obrazov
Gespeichert in:
| 1. Verfasser: | |
|---|---|
| Weitere Verfasser: | |
| Format: | Manuskript Buch |
| Sprache: | Slowakisch |
| Veröffentlicht: |
2019
|
| Schlagworte: | |
| Online-Zugang: | http://is.stuba.sk/zp/portal_zp.pl?podrobnosti=142906 |
| Tags: |
Keine Tags, Fügen Sie das erste Tag hinzu!
|
MARC
| LEADER | 00000ntm a22000003a 4500 | ||
|---|---|---|---|
| 001 | stuzp71510 | ||
| 003 | SK-STU | ||
| 005 | 20190904113511.3 | ||
| 007 | ta | ||
| 008 | 150427s2015----xo-----f-mn---000-0-slo-d | ||
| 040 | |a STU |b slo | ||
| 041 | 0 | |a slo | |
| 044 | |a xo | ||
| 100 | 1 | |a Šimko, Dominik |u 031000 |4 aut |U FEI Fakulta elektrotechniky a informatiky |T FEI Ústav robotiky a kybernetiky |X 90358 |U E011 |Y 356 |7 90358 | |
| 242 | 0 | 1 | |a Application of Autoencoders in Digital Image Processing |y eng |
| 245 | 1 | 0 | |a Využitie autoenkóderov v číslicovom spracovaní obrazov |
| 260 | |c 2019 | ||
| 300 | |a 40 s., |b CD-ROM | ||
| 650 | 4 | |a autoenkódery |2 slo | |
| 650 | 4 | |a samoučenie |2 slo | |
| 650 | 4 | |a digitálne spracovanie obrazu |2 slo | |
| 650 | 4 | |a extrakcia vizuálnych príznakov |2 slo | |
| 650 | 4 | |a extraction of visual symptoms |2 eng | |
| 650 | 4 | |a autoencoders |2 eng | |
| 650 | 4 | |a self-supervised learning |2 eng | |
| 650 | 4 | |a digital image processing |2 eng | |
| 700 | 1 | |a Goga, Jozef |u 031000 |k Z3 |4 ths |U FEI Fakulta elektrotechniky a informatiky |T FEI Ústav robotiky a kybernetiky |X 47568 |U E011 |Y 356 |7 47568 | |
| 856 | 4 | |u http://is.stuba.sk/zp/portal_zp.pl?podrobnosti=142906 | |
| 996 | |b 284ER03070 |c E*Bc- 3070 |l EE35 |s P |a 0 |w stuzp71510_0001 | ||